Biologic Readings for Today's Students / (Record no. 6714)
[ view plain ]
| 000 -LEADER | |
|---|---|
| fixed length control field | 00651nam a22002411a 4500 |
| 001 - CONTROL NUMBER | |
| JCCL Control Number | 6714 |
| 003 - CONTROL NUMBER IDENTIFIER | |
| JCCL marc code | BD-JhCC |
| 005 - DATE AND TIME OF LATEST TRANSACTION | |
| control field | 20180130173949.0 |
| 008 - FIXED-LENGTH DATA ELEMENTS--GENERAL INFORMATION | |
| fixed length control field | 180128s1971 bg a|||| ||a| 000 0 ben d |
| 020 ## - INTERNATIONAL STANDARD BOOK NUMBER | |
| International Standard Book Number | 0471631558 |
| 035 ## - SYSTEM CONTROL NUMBER | |
| system control number | (BD-JhCC)6714 |
| 040 ## - CATALOGING SOURCE | |
| Original cataloging agency | BD-JhCC |
| Modifying agency | BD-JhCC |
| 041 ## - LANGUAGE CODE | |
| Language code of Book | eng |
| 082 ## - DEWEY DECIMAL CLASSIFICATION NUMBER | |
| Classification number | 574.08 |
| Author mark and Year | BIO 1971 |
| 245 ## - TITLE STATEMENT | |
| Title | Biologic Readings for Today's Students / |
| Statement of responsibility, etc | edited by Gideon E. Nelson; James D. Ray, Jr. |
| 260 ## - PUBLICATION, DISTRIBUTION, ETC. (IMPRINT) | |
| Place of publication, distribution, etc | London : |
| Name of publisher, distributor, etc | John Wiley & Sons Inc, |
| Date of publication, distribution, etc | 1971. |
| 300 ## - PHYSICAL DESCRIPTION | |
| Pagination | 388 p. : |
| Dimensions | 25 cm. |
| 650 ## - SUBJECT ADDED ENTRY--TOPICAL TERM | |
| Topical term or geographic name as entry element | Biology |
| 700 ## - ADDED ENTRY--PERSONAL NAME | |
| Personal name | Jr., James D. Ray, |
| 700 ## - ADDED ENTRY--PERSONAL NAME | |
| Personal name | Nelson, Gideon E. |
| 942 ## - ADDED ENTRY ELEMENTS (KOHA) | |
| Source of classification or shelving scheme | Dewey Decimal Classification |
| Koha item type | Books |
| Source of classification or shelving scheme | Damaged status | Not for loan | Home library | Current library | Shelving location | Date of accession | Total Checkouts | Full call number | Barcode | Date last seen | Copy number | Koha item type |
|---|---|---|---|---|---|---|---|---|---|---|---|---|
| Dewey Decimal Classification | JCC Rouf Library | JCC Rouf Library | General Stacks | 01/28/2018 | 574.08 BIO 1971 | 9233 | 01/28/2018 | C -1 | Books |